Virtualizácia a finančný sektor

Autonómny vývoj finančného sektora, vývoj reálnej ekonomiky a finančné trhy, využívanie finančných inovácií a virtualizácia finančného sektora, nové formy úverovania podnikovej sféry, hypotekárne a úverové bubliny, reálne a fiktívne príjmy, prerozdeľovanie bohatstva spoločnosti a úloha finančného se...

Descripción completa

Guardado en:
Detalles Bibliográficos
Autor principal: Ivanová, Pavlína
Formato: Capítulo de libro
Lenguaje:eslovaco
Materias:
Etiquetas: Agregar Etiqueta
Sin Etiquetas, Sea el primero en etiquetar este registro!

MARC

LEADER 00000nla a2200000 4500
001 0200500
005 20240502073405.7
041 0 |a slo 
044 |a SK 
245 1 0 |a Virtualizácia a finančný sektor  |c Pavlína Ivanová 
520 |a Autonómny vývoj finančného sektora, vývoj reálnej ekonomiky a finančné trhy, využívanie finančných inovácií a virtualizácia finančného sektora, nové formy úverovania podnikovej sféry, hypotekárne a úverové bubliny, reálne a fiktívne príjmy, prerozdeľovanie bohatstva spoločnosti a úloha finančného sektora, reálna a virtuálna tvorba hodnôt, neudržateľnosť virtualizácie finančného sektora. 
610 2 0 |a technológie informačné 
610 2 0 |a technológie komunikačné 
610 2 0 |a trh finančný 
610 2 0 |a regulácia finančná 
610 2 0 |a bankovníctvo 
610 2 0 |a bubliny finančné 
100 1 |a Ivanová, Pavlína